Solving problems in surveying / (Record no. 544109)
[ view plain ]
| 000 -LEADER | |
|---|---|
| fixed length control field | 00578cam a2200169 a 4500 |
| 020 ## - INTERNATIONAL STANDARD BOOK NUMBER | |
| International Standard Book Number | 0582238056 |
| 082 00 - DEWEY DECIMAL CLASSIFICATION NUMBER | |
| Classification number | 526.9 |
| Author Mark | BAN |
| -- | L-38, P-198 |
| 100 1# - MAIN ENTRY--PERSONAL NAME | |
| Personal name | Bannister, Arthur |
| 9 (RLIN) | 18361 |
| 245 10 - TITLE STATEMENT | |
| Title | Solving problems in surveying / |
| Statement of responsibility, etc. | Arthur. Bannister, R. Baker. |
| 260 ## - PUBLICATION, DISTRIBUTION, ETC. | |
| Place of publication, distribution, etc. | Harlow, Essex, England : |
| Name of publisher, distributor, etc. | Longman Scientific & Technical ; |
| Place of publication, distribution, etc. | New York : |
| Name of publisher, distributor, etc. | Wiley, |
| Date of publication, distribution, etc. | 1989. |
| 300 ## - PHYSICAL DESCRIPTION | |
| Extent | 332 p. : |
| Other physical details | ill. ; |
| Dimensions | 25 cm. |
| 500 ## - GENERAL NOTE | |
| General note | Includes index. |
| 526 ## - STUDY PROGRAM INFORMATION NOTE | |
| Program name | 0 |
| Interest level | 0 |
| Reading level | 0 |
| Title point value | 526_900000000000000_BAN |
| 650 #0 - SUBJECT ADDED ENTRY--TOPICAL TERM | |
| Topical term or geographic name entry element | MCE |
| General subdivision | Problems, exercises, etc. |
| 9 (RLIN) | 39657 |
| 700 1# - ADDED ENTRY--PERSONAL NAME | |
| Personal name | Baker, R. |
| 9 (RLIN) | 39637 |
| 942 ## - ADDED ENTRY ELEMENTS (KOHA) | |
| Source of classification or shelving scheme | |
| Koha item type | Book |
| Withdrawn status | Lost status | Source of classification or shelving scheme | Damaged status | Not for loan | Permanent Location | Current Location | Date acquired | Total Checkouts | Total Renewals | Full call number | Barcode | Date last seen | Date last checked out | Price effective from | Koha item type |
|---|---|---|---|---|---|---|---|---|---|---|---|---|---|---|---|
| Military College of Engineering (MCE) | Military College of Engineering (MCE) | 04/11/2014 | 1 | 1 | 526.9 BAN | MCE-40441 | 12/19/2017 | 11/09/2017 | 04/11/2014 | Book |
